00376pab a2200145 454500008004000000100001900040245005500059260000900114300001100123362001100134650003100145650002800176650001100204773001500215180718b1997 xxu||||| |||| 00| 0 eng d aDang, Satyapal aOn immunity for police officers fighting terrorism c1997 ap.9-11 a21 Jun aTerrorism - India - Punjab aPolice - India - Punjab aPolice aMainstream